Các điều kiện thương mại quốc tế ( Incoterm 2000 ) Giải thích và hướng dẫn sử dụng

Na minha lista:
Detalhes bibliográficos
Autor principal: HOÀNG VĂN CHÂU
Formato: Livro
Idioma:Undetermined
Publicado em: Hà Nội KHKT 2001
Assuntos:
Tags: Adicionar Tag
Sem tags, seja o primeiro a adicionar uma tag!
Thư viện lưu trữ: Trung tâm Học liệu Trường Đại học Cần Thơ
LEADER 00594nam a2200181Ia 4500
001 CTU_48537
008 210402s9999 xx 000 0 und d
082 |a 382.3 
082 |b Ch125 
100 |a HOÀNG VĂN CHÂU 
245 0 |a Các điều kiện thương mại quốc tế ( Incoterm 2000 ) 
245 0 |b Giải thích và hướng dẫn sử dụng 
245 0 |c HOÀNG VĂN CHÂU, Tô Bình Minh 
260 |a Hà Nội 
260 |b KHKT 
260 |c 2001 
650 |a foreign trade regulation 
980 |a Trung tâm Học liệu Trường Đại học Cần Thơ